000 01114cam a22003137a 4500
001 16882929
003 OSt
005 20241002113959.0
008 110721s2011 enka b 001 0 eng d
010 _a 2011414821
016 7 _a015752638
_2Uk
020 _a9780123855466 (pbk.)
020 _a0123855462 (pbk.)
035 _a(OCoLC)ocn692291788
040 _aBTCTA
_beng
_cDDC
_dYDXCP
_dCDX
_dUKMGB
_dORX
_dVMC
_dORX
_dDLC
042 _alccopycat
050 0 0 _aTN870.56
_b.L66 2011
082 0 4 _a338.272AAD 2011
100 _aAadnoy,Bernt S.; Looyeh,Reza
_915125
245 0 0 _aPetroleum Rock Mechanics.
_bDrilling operations and well design.
250 _a1st Ed.
260 _aOxford.
_bGulf Professional Pub.
_c2011.
300 _axxvi,350p;
_bill;
_c23cm.
504 _aIncludes; bibliographical references and index.
650 0 _aEngineering
_9373
906 _a7
_bcbc
_ccopycat
_d2
_encip
_f20
_gy-gencatlg
942 _2ddc
_cO_SHELF
999 _c7387
_d7387